Micro-econometrics : (Record no. 534769)
[ view plain ]
| 000 -LEADER | |
|---|---|
| fixed length control field | 01410cam a2200397 a 4500 |
| 001 - CONTROL NUMBER | |
| control field | 15871278 |
| 003 - CONTROL NUMBER IDENTIFIER | |
| control field | NUST |
| 005 - DATE AND TIME OF LATEST TRANSACTION | |
| control field | 20200514115420.0 |
| 008 - FIXED-LENGTH DATA ELEMENTS--GENERAL INFORMATION | |
| fixed length control field | 090818s2009 nyu b 001 0 eng d |
| 010 ## - LIBRARY OF CONGRESS CONTROL NUMBER | |
| LC control number | 2009935059 |
| 015 ## - NATIONAL BIBLIOGRAPHY NUMBER | |
| National bibliography number | GBA986320 |
| Source | bnb |
| 016 7# - NATIONAL BIBLIOGRAPHIC AGENCY CONTROL NUMBER | |
| Record control number | 015361269 |
| Source | Uk |
| 020 ## - INTERNATIONAL STANDARD BOOK NUMBER | |
| International Standard Book Number | 9780387953762 |
| 020 ## - INTERNATIONAL STANDARD BOOK NUMBER | |
| International Standard Book Number | 0387953760 |
| 035 ## - SYSTEM CONTROL NUMBER | |
| System control number | (OCoLC)ocn435731460 |
| 038 ## - RECORD CONTENT LICENSOR | |
| Staff Name | waseem |
| 040 ## - CATALOGING SOURCE | |
| Original cataloging agency | UKM |
| Transcribing agency | UKM |
| Modifying agency | DLC |
| 042 ## - AUTHENTICATION CODE | |
| Authentication code | lccopycat |
| 050 00 - LIBRARY OF CONGRESS CALL NUMBER | |
| Classification number | HB139 |
| Item number | .L425 2009 |
| 082 04 - DEWEY DECIMAL CLASSIFICATION NUMBER | |
| Classification number | 330.015195 |
| Author Mark | LEE |
| 100 1# - MAIN ENTRY--PERSONAL NAME | |
| Personal name | Lee, Myoung-jae. |
| 9 (RLIN) | 29123 |
| 245 10 - TITLE STATEMENT | |
| Title | Micro-econometrics : |
| Remainder of title | methods of moments and limited dependent variables / |
| Statement of responsibility, etc. | by Myoung-jae Lee. |
| 250 ## - EDITION STATEMENT | |
| Edition statement | 2nd ed. |
| 260 ## - PUBLICATION, DISTRIBUTION, ETC. | |
| Place of publication, distribution, etc. | New York : |
| Name of publisher, distributor, etc. | Springer, |
| Date of publication, distribution, etc. | 2009. |
| 300 ## - PHYSICAL DESCRIPTION | |
| Extent | xxvii, 770 p. ; |
| Dimensions | 25 cm. |
| 504 ## - BIBLIOGRAPHY, ETC. NOTE | |
| Bibliography, etc. note | Includes bibliographical references (p. 727-758) and index. |
| 650 #0 - SUBJECT ADDED ENTRY--TOPICAL TERM | |
| Topical term or geographic name entry element | Econometrics. |
| 9 (RLIN) | 29124 |
| 650 #0 - SUBJECT ADDED ENTRY--TOPICAL TERM | |
| Topical term or geographic name entry element | Econometric models. |
| 9 (RLIN) | 18143 |
| 650 #0 - SUBJECT ADDED ENTRY--TOPICAL TERM | |
| Topical term or geographic name entry element | Microeconomics |
| General subdivision | Econometric models. |
| 9 (RLIN) | 29126 |
| 650 #0 - SUBJECT ADDED ENTRY--TOPICAL TERM | |
| Topical term or geographic name entry element | Multivariate analysis. |
| 9 (RLIN) | 107 |
| 856 42 - ELECTRONIC LOCATION AND ACCESS | |
| Materials specified | Publisher description |
| Uniform Resource Identifier | <a href="http://www.loc.gov/catdir/enhancements/fy1109/2009935059-d.html">http://www.loc.gov/catdir/enhancements/fy1109/2009935059-d.html</a> |
| 856 41 - ELECTRONIC LOCATION AND ACCESS | |
| Materials specified | Table of contents only |
| Uniform Resource Identifier | <a href="http://www.loc.gov/catdir/enhancements/fy1109/2009935059-t.html">http://www.loc.gov/catdir/enhancements/fy1109/2009935059-t.html</a> |
| 906 ## - LOCAL DATA ELEMENT F, LDF (RLIN) | |
| a | 7 |
| b | cbc |
| c | copycat |
| d | 2 |
| e | ncip |
| f | 20 |
| g | y-gencatlg |
| 942 ## - ADDED ENTRY ELEMENTS (KOHA) | |
| Source of classification or shelving scheme | |
| Koha item type | Book |
| Withdrawn status | Lost status | Source of classification or shelving scheme | Damaged status | Not for loan | Permanent Location | Current Location | Shelving location | Date acquired | Source of acquisition | Total Checkouts | Full call number | Barcode | Date last seen | Price effective from | Koha item type | Date last checked out |
|---|---|---|---|---|---|---|---|---|---|---|---|---|---|---|---|---|
| Central Library (CL) | Central Library (CL) | Economics | 05/14/2020 | Progressive International Agencies | 330.015195 LEE | CL-281 | 05/14/2020 | 05/14/2020 | Book | |||||||
| Central Library (CL) | Central Library (CL) | Economics | 05/14/2020 | Progressive International Agencies | 1 | 330.015195 LEE | CL-282 | 07/01/2021 | 05/14/2020 | Book | 02/15/2021 | |||||
| Central Library (CL) | Central Library (CL) | Economics | 05/14/2020 | Progressive International Agencies | 330.015195 LEE | CL-283 | 05/14/2020 | 05/14/2020 | Book |
